000 00318 a2200157 4500
001 162801
020 _a
040 _cMagnum
100 _aWolff, Celia
240 1 0 _aRudolph and rocky
_lING
245 1 0 _aRudolph and rocky
362 0 _a1899
440 1 _aFTD
697 _aLITERATURA ESTRANGEIRA
942 _cBK
999 _c162801
_d162801